Home Print Resources E-Books E-Journals IIMT Lecture Series Library Membership Form Book Recommendation Form Campus Tour Take AdmissionAbout Us Contact Us

UNDERSTANDING ORGANIZATIONAL BEHAVIOUR (Record no. 65889)

000 -LEADER
fixed length control field 00381nam a22001457a 4500
003 - CONTROL NUMBER IDENTIFIER
control field OSt
005 - DATE AND TIME OF LATEST TRANSACTION
control field 20250802151315.0
008 - FIXED-LENGTH DATA ELEMENTS--GENERAL INFORMATION
fixed length control field 250802b |||||||| |||| 00| 0 eng d
040 ## - CATALOGING SOURCE
Transcribing agency IIMT COLLEGE OF ENGINEERING,GREATER NOIDA
100 ## - MAIN ENTRY--PERSONAL NAME
Personal name PAREEK,UDAI
245 ## - TITLE STATEMENT
Title UNDERSTANDING ORGANIZATIONAL BEHAVIOUR
260 ## - PUBLICATION, DISTRIBUTION, ETC.
Place of publication, distribution, etc. NEW DELHI
Name of publisher, distributor, etc. OXFORD
Date of publication, distribution, etc. 2016
300 ## - PHYSICAL DESCRIPTION
Extent 687
942 ## - ADDED ENTRY ELEMENTS (KOHA)
Source of classification or shelving scheme
Koha item type Book Bank
Edition 4
Holdings
Withdrawn status Lost status Source of classification or shelving scheme Damaged status Not for loan Home library Current library Date acquired Source of acquisition Cost, normal purchase price Inventory number Barcode Date last seen Price effective from Koha item type
          NOIDA IIMT College of Engineering MBA NOIDA IIMT College of Engineering MBA 08/02/2025 KIRTI PRAKASHAN 1150.00 IN225/7.7.25 21-B-6404 08/02/2025 08/02/2025 Book Bank
          NOIDA IIMT College of Engineering MBA NOIDA IIMT College of Engineering MBA 08/02/2025 KIRTI PRAKASHAN 1150.00 IN225/7.7.25 21-B-6405 08/02/2025 08/02/2025 Book Bank
          NOIDA IIMT College of Engineering MBA NOIDA IIMT College of Engineering MBA 08/02/2025 KIRTI PRAKASHAN 1150.00 IN225/7.7.25 21-B-6406 08/02/2025 08/02/2025 Book Bank
          NOIDA IIMT College of Engineering MBA NOIDA IIMT College of Engineering MBA 08/02/2025 KIRTI PRAKASHAN 1150.00 IN225/7.7.25 21-B-6407 08/02/2025 08/02/2025 Book Bank
          NOIDA IIMT College of Engineering MBA NOIDA IIMT College of Engineering MBA 08/02/2025 KIRTI PRAKASHAN 1150.00 IN225/7.7.25 21-B-6408 08/02/2025 08/02/2025 Book Bank
IIMT, Central Library. All Rights Reserved IIMT,UNIVERSITY © 2023
Implemented and Customised by I CLOUDE EMS
You Are OPAC Visitor No
free web counter

Powered by Koha